| 000 | nam a22 a 4500 | ||
|---|---|---|---|
| 999 |
_c1991 _d1991 |
||
| 003 | AKMAL | ||
| 005 | 20170512161117.0 | ||
| 008 | 170512s2004 my a e o001 0 eng d | ||
| 020 |
_a9833109063 _qhardback _cRM75.00 |
||
| 040 |
_aAKMAL _cAKMAL |
||
| 082 | 0 | 4 |
_a351.595 WAN _222 |
| 090 | 2 | 0 |
_a351.595 _bWAN |
| 100 | 0 |
_aWan Mansor Wan Abdullah, _cDato' _94124 |
|
| 245 | 1 |
_aSERVICE PAR EXCELLENCE / _cDato' Wan Mansor Wan Abdullah |
|
| 264 | 1 |
_aKuala Lumpur : _bInstitut Tadbiran Awam Negara, _c2004 |
|
| 300 |
_axii, 417p. : _bill. ; _c24cm. |
||
| 504 | _aIncludes bibliographical references and index | ||
| 650 | 0 |
_aCivil service _zMalaysia _9420 |
|
| 650 | 0 |
_aPublic administration _zMalaysia _9419 |
|
| 942 |
_2ddc _cBOOK |
||